Physical activity towards health and fitness (PATH-FIT 2): (Record no. 2313)

MARC details
000 -LEADER
fixed length control field 00976nam a2200229 4500
005 - DATE AND TIME OF LATEST TRANSACTION
control field 20240913054734.0
008 - FIXED-LENGTH DATA ELEMENTS--GENERAL INFORMATION
fixed length control field 240913b |||||||| |||| 00| 0 eng d
020 ## - INTERNATIONAL STANDARD BOOK NUMBER
International Standard Book Number 978-971-9655-30-5
082 ## - DEWEY DECIMAL CLASSIFICATION NUMBER
Classification number Fil. 796.81 P578 2023
100 ## - MAIN ENTRY--PERSONAL NAME
Personal name Bulatao, Mary Grace M.
245 ## - TITLE STATEMENT
Title Physical activity towards health and fitness (PATH-FIT 2):
Remainder of title combative sports and outdoor recreational activities: arnis, taekwondo, boxing, pencak silat, mountaineering, hiking and trekking, camping, and orienteering /
Statement of responsibility, etc. Mary Grace M. Bulatao, Ronda L. Navalta, Ginna T. Astillero, Nimfa F. Buedron.
260 ## - PUBLICATION, DISTRIBUTION, ETC.
Place of publication, distribution, etc. Manila:
Name of publisher, distributor, etc. Mindshapers,
Date of publication, distribution, etc. c2023
300 ## - PHYSICAL DESCRIPTION
Extent viii, 144p.:
Other physical details ill.
504 ## - BIBLIOGRAPHY, ETC. NOTE
Bibliography, etc. note Includes bibliographical references
541 ## - IMMEDIATE SOURCE OF ACQUISITION NOTE
Accession number 7565 c.1, 7566 c.2, 7567 c.3, 7568 c.4, 7569 c.5
650 ## - SUBJECT ADDED ENTRY--TOPICAL TERM
Topical term or geographic name entry element Martial arts
650 ## - SUBJECT ADDED ENTRY--TOPICAL TERM
Topical term or geographic name entry element Taekwondo
650 ## - SUBJECT ADDED ENTRY--TOPICAL TERM
Topical term or geographic name entry element Outdoor recreation
700 ## - ADDED ENTRY--PERSONAL NAME
Personal name Navalta, Ronda L.
Relator term author
700 ## - ADDED ENTRY--PERSONAL NAME
Personal name Astillero, Ginna T.
Relator term author
700 ## - ADDED ENTRY--PERSONAL NAME
Personal name Buedron, Nimfa A.
Relator term author
Holdings
Withdrawn status Lost status Source of classification or shelving scheme Damaged status Not for loan Home library Current library Date acquired Total Checkouts Full call number Barcode Date last seen Copy number Price effective from Koha item type
    Dewey Decimal Classification     ctu-moalboal ctu-moalboal 01/12/2024   Fil. 796.81 P578 2023 7565 09/13/2024 1 09/13/2024 Books-Filipiniana
    Dewey Decimal Classification     ctu-moalboal ctu-moalboal 01/12/2024   Fil. 796.81 P578 2023 7566 09/13/2024 2 09/13/2024 Books-Filipiniana
    Dewey Decimal Classification     ctu-moalboal ctu-moalboal 01/12/2024   Fil. 796.81 P578 2023 7567 09/13/2024 3 09/13/2024 Books-Filipiniana
    Dewey Decimal Classification     ctu-moalboal ctu-moalboal 01/12/2024   Fil. 796.81 P578 2023 7568 09/13/2024 4 09/13/2024 Books-Filipiniana
    Dewey Decimal Classification     ctu-moalboal ctu-moalboal 01/12/2024   Fil. 796.81 P578 2023 7569 09/13/2024 5 09/13/2024 Books-Filipiniana